[Event "European Blitz-ch 2018"]
[Site "Skopje"]
[Date "2018.12.06"]
[Round "3"]
[White "Kourkoulos-Arditis, Stamatis"]
[Black "Saric, Ante"]
[Result "1/2-1/2"]
[WhiteElo "2424"]
[BlackElo "2533"]
[Annotator "TA"]
[PlyCount "86"]
[EventDate "2018.12.06"]
[EventType "swiss"]
[EventCountry "MKD"]
[SourceTitle "playchess.com"]
[Source "ChessBase"]
[SourceQuality "1"]

{[%evp 19,86,0,10,-4,21,12,76,76,82,75,80,76,81,72,73,79,75,68,68,62,92,89,123,113,113,115,120,107,151,137,205,213,203,191,195,170,150,87,103,51,48,59,71,83,118,130,168,0,0,0,16,0,27,27,55,0,87,0,145,0,0,0,0,0,36,0,0,0,36]} 1. d4 Nf6 2. c4 e6 3. g3 Bb4+ 4. Bd2 Be7 5. Bg2 d5 6. Nf3 c6 {[%cal Bc7c6,Bc6c5][%mdl 32]} 7. O-O $146 {E11: Bogo-Indian} (7. Qc2 b6 8. O-O Bb7 9. Rd1 Nbd7 10. Bf4 Rc8 11. Nc3 dxc4 12. Nd2 Nd5 13. Nxc4 Nxf4 14. gxf4 O-O 15. Rac1 {½-½ (23) Kuzubov,Y (2647)-Vitiugov,N (2730) Linares 2018}) 7... Nbd7 8. Bc3 b6 9. Nbd2 Bb7 10. Qc2 O-O {LiveBook: 4 Games} 11. e4 {[%cal Be2e4,Be4e5][%mdl 32]} c5 {[%cal Rf6e4]} 12. e5 Ne4 (12... Ng4 $11) 13. Nxe4 $1 $16 dxe4 14. Nd2 Qc7 15. Bxe4 cxd4 16. Bxd4 Bxe4 17. Qxe4 ({Much weaker is} 17. Nxe4 $6 Nxe5 18. Bxe5 Qxe5 $11) 17... Rfd8 18. Rac1 Rac8 19. Nf3 g6 20. b3 a6 21. Rfd1 Ba3 22. Rc2 b5 23. Qh4 Bf8 24. Rdc1 {aiming for cxb5.} Qb7 {[#]} (24... bxc4 $16 25. Rxc4 Qb7) 25. Ng5 $1 $18 {[%csl Gg5][%cal Rh4h7]} h6 26. Ne4 bxc4 27. Rxc4 Rxc4 28. Rxc4 (28. bxc4 $142 Rb8 29. c5) 28... Rc8 $16 29. Nd2 (29. Nd6 $16 Bxd6 30. Rxc8+ (30. exd6 Rxc4 31. bxc4 Qb1+ 32. Kg2 g5 $16) 30... Qxc8 31. exd6) 29... Rxc4 $1 $14 30. Nxc4 Qd5 31. Qf4 Bg7 32. Nd6 f5 {[%cal Rd7e5]} 33. Nc4 $2 (33. exf6 $18 e5 {[%mdl 64] Double Attack} 34. Nc8 (34. f7+ $2 Kf8 $17) 34... Qxd4 35. Ne7+ Kh7 36. Qxd4 (36. fxg7 Kxg7 37. Qxd4 exd4 $18) 36... exd4 37. fxg7 Kxg7 38. Nc6) 33... g5 $11 34. Qe3 g4 35. Kf1 h5 36. Ke2 Qh1 37. Qg5 ({White should play} 37. Qd3 $14) 37... Nf8 (37... Qe4+ $11 {remains equal.} 38. Qe3 Qc2+ 39. Kf1 Qxa2) 38. Nd6 (38. Qxh5 $16 Qe4+ 39. Be3) 38... Qd5 {[#]} (38... Qb1 $1 $11 {keeps the balance.}) 39. Be3 (39. Kd3 $1 $16) 39... Qf3+ 40. Ke1 Qh1+ 41. Ke2 Qf3+ 42. Ke1 Qh1+ 43. Ke2 Qf3+ {Accuracy: White = 45%, Black = 46%.} 1/2-1/2

[Event "European Blitz-ch 2018"]
[Site "Skopje"]
[Date "2018.12.06"]
[Round "3"]
[White "Marjanovic, Dejan"]
[Black "Anton Guijarro, David"]
[Result "0-1"]
[WhiteElo "2400"]
[BlackElo "2642"]
[Annotator "TA"]
[PlyCount "80"]
[EventDate "2018.12.06"]
[EventType "swiss"]
[EventCountry "MKD"]
[SourceTitle "playchess.com"]
[Source "ChessBase"]
[SourceQuality "1"]

{[%evp 17,80,0,0,0,16,-19,-12,-27,-6,-47,-22,-19,0,0,0,0,0,-18,-11,-13,16,20,14,19,18,16,27,18,26,25,18,-16,43,41,48,18,33,0,106,75,103,-29,-42,-45,-48,-57,-53,-69,-69,-69,-72,-91,-105,-96,-89,-369,-368,-375,-360,-348,-169,-162,-112,-29957,-7369]} 1. d4 Nf6 2. Nf3 e6 3. Bf4 c5 4. e3 Nc6 5. Nbd2 d5 6. c3 Be7 7. h3 O-O 8. Bd3 c4 9. Bc2 {D02: 1 d4 d5 2 Nf3 sidelines, including 2...Nf6 3 g3 and 2...Nf6 3 Bf4} (9. Bb1 b5 10. e4 dxe4 11. Nxe4 Bb7 12. Qe2 Rc8 13. O-O Nd5 14. Bg5 h6 15. Bxe7 Ncxe7 16. Nc5 Ba8 {½-½ (25) Esipenko,A (2587)-Bai,J (2579) Qinhuangdao 2018}) 9... b5 {LiveBook: 11 Games} 10. O-O b4 11. cxb4 $146 {The position is equal.} ({Predecessor:} 11. e4 bxc3 12. bxc3 g6 13. Re1 Bd7 14. Nf1 {0-1 (36) Rehbein,U (1778)-Rubina,T (2022) Korbach 2017}) 11... Nxb4 12. Bb1 Ba6 13. Re1 Qb6 14. Ne5 Nc6 15. Bg5 Qc7 16. Nxc6 ({Of course not} 16. Bxf6 Bxf6 17. Nxc6 Qxc6 $17) 16... Qxc6 17. Qc2 g6 18. e4 {[%cal Be3e4,Be4e5][%mdl 32] e5 is the strong threat.} Rfe8 19. e5 Nd7 20. Bxe7 Rxe7 21. Nf3 Rb8 22. Qd2 Qb6 23. Qg5 $36 {[%mdl 2048] White has some pressure.} Ree8 24. Bc2 Qd8 (24... Qxb2 $11 25. Ba4 Bb5) 25. Qc1 $1 $14 Kg7 26. Ba4 Bb5 27. Bc2 Qb6 (27... Ba6 $11) 28. Rb1 Qa5 29. a3 (29. Re3 $16) 29... Ba4 $11 30. Bxa4 Qxa4 31. Nh2 h6 {[%cal Bh7h6,Bh6h5][%mdl 32]} 32. Ng4 Rh8 $1 33. Re3 Rb3 34. Rxb3 Qxb3 35. Qd2 h5 36. Nh2 $2 {[%mdl 8192]} (36. Ne3 $17 {was the only chance.}) 36... Rb8 $19 37. Rc1 Qxb2 38. Qf4 c3 (38... Qxa3 $142 {Threatens to win with ...Qd3.} 39. Nf3 Qd3) 39. Nf3 c2 {Strongly threatening ...Qxc1+!} 40. Ng5 $2 {[%mdl 8192] [#]} (40. Kh2 $17) 40... Qxc1+ $1 {[%mdl 576] Promotion. Accuracy: White = 40%, Black = 49%.} 0-1

[Event "European Blitz-ch 2018"]
[Site "Skopje"]
[Date "2018.12.06"]
[Round "3"]
[White "Pershin, Denis"]
[Black "Perunovic, Milos"]
[Result "0-1"]
[WhiteElo "2400"]
[BlackElo "2597"]
[Annotator "TA"]
[PlyCount "136"]
[EventDate "2018.12.06"]
[EventType "swiss"]
[EventCountry "MKD"]
[SourceTitle "playchess.com"]
[Source "ChessBase"]
[SourceQuality "1"]

{[%evp 17,136,-11,-9,-15,-5,-60,-61,-53,-33,-118,-97,-114,-108,-119,-100,-134,-133,-131,-135,-133,-123,-147,-147,-140,-143,-138,-124,-147,-132,-160,-146,-233,-209,-241,-260,-247,-166,-239,-214,-222,-210,-197,-185,-208,-159,-162,-162,-140,0,0,58,58,58,-8,-6,-161,-159,-163,-165,-128,-140,-139,0,-46,-8,0,0,-23,-27,-19,0,-101,-100,-145,-34,-78,-96,-434,-394,-890,-874,-1239,-941,-2042,-1974,-1830,-1592,-29981,-29982,-29982,-29983,-29983,-29980,-29983,-29984,-29982,-29983,-29980,-29981,-29982,-29983,-29993,-29984,-29982,-29974,-12798,-4614,-29985,-29986,-29992,-29988,-29989,-29990,-29990,-29991,-29995,-29995,-29995,-29996,-29997,-29998]} 1. e4 c5 2. Nf3 e6 3. d4 cxd4 4. Nxd4 Nc6 5. Nc3 Qc7 6. Be3 a6 7. Be2 b5 8. O-O Bb7 9. Re1 {B49: Sicilian: Taimanov: 5 Nc3 Qc7 6 Be3 a6 7 Be2} (9. Nxc6 dxc6 10. f4 Be7 11. a4 b4 12. Nb1 Nf6 13. Nd2 c5 14. Bd3 c4 15. Nxc4 Bxe4 16. Bxe4 Nxe4 {½-½ (53) Inarkiev,E (2682)-Matlakov,M (2689) Dubai 2014}) 9... Nf6 {LiveBook: 4 Games} 10. a3 Nxd4 $146 ({Predecessor:} 10... Bd6 11. g3 Be5 12. Bf3 Nxd4 13. Bxd4 O-O 14. Qd3 Rfd8 15. Rad1 Rac8 16. Bxe5 Qxe5 17. Qd6 Qc5 {½-½ (54) Van Kempen,R (2042)-Taborsky,R (2180) Klatovy 2016}) 11. Qxd4 (11. Bxd4 $11 Bd6 12. g3) 11... Bd6 $15 12. f4 e5 13. Qd3 ({Better is} 13. Qb6 $1 $15) 13... exf4 $17 14. Bd4 Be5 $1 15. Rad1 O-O 16. Bf3 Rfe8 17. Bxe5 Rxe5 18. Qd6 Rc8 19. Qxc7 Rxc7 20. Rd6 Kf8 21. Kf2 Ke7 22. Rd4 g5 23. h3 h5 24. Rd2 (24. g3 $17) 24... d6 25. g3 fxg3+ 26. Kxg3 a5 27. Rde2 (27. Rd4 {might work better.}) 27... b4 28. axb4 axb4 29. Nd1 Ba6 30. Rd2 {[#]} g4 $1 {[%mdl 512]} 31. hxg4 hxg4 32. Bg2 Rc8 (32... Rc4 $17 {Threatens to win with ...Bb7.} 33. b3 Nxe4+ 34. Bxe4 Rcxe4 35. Rxe4 Rxe4) 33. Ne3 $1 $11 Ke6 (33... Nh5+ $11 34. Kxg4 Rg8+ 35. Kh4 Bc8) 34. Nf5 $14 {[%csl Gf5][%cal Rd2d6]} Rd8 35. Ra1 (35. Kf4 $14) 35... Bb7 $11 36. Ra7 $2 (36. Nd4+ $11 {and White stays safe.} Kd7 37. Rf2 Nxe4+ 38. Bxe4 Rxe4 39. Rxf7+ Kc8 40. Ra7 Rxd4 41. Rfxb7 (41. Raxb7 Rh8 $11)) 36... Nxe4+ $19 37. Bxe4 Bxe4 38. Nd4+ Kf6 {Strongly threatening ...Bd5.} 39. Rf2+ {[#]} Bf5 (39... Kg5 $1 $17 {Hoping for ...Rh8.} 40. Raxf7 Bg6) 40. Nc6 Rde8 {White must now prevent ...Re3+.} (40... Re3+ {keeps more tension.} 41. Kg2 Rf8 42. Ra5 Rf3 43. Rxf3 gxf3+ 44. Kxf3 Bxc2 45. Nxb4 Bb3) 41. Nxe5 Rxe5 $11 {[%mdl 4096] Endgame KRR-KRB} 42. Rf4 b3 43. cxb3 Ke6 44. Raa4 (44. Rf1 $11) 44... Re3+ $17 {[%mdl 64] Double Attack} 45. Kg2 {[#]} Rxb3 (45... Ke5 $1 $17 46. Rab4 d5) 46. Rf2 d5 47. Ra6+ $2 {[%mdl 8192]} (47. Kg1 $17 {nothing else works.}) 47... Ke5 $19 48. Rh6 $2 (48. Kg1 g3 49. Rf1) 48... Be4+ 49. Kg1 f5 50. Rh8 g3 51. Rd2 Kf4 52. Re2 Rd3 53. Re1 Rd2 54. Rh4+ Kg5 55. Rh3 Kg4 56. Rh8 Rg2+ 57. Kf1 Rxb2 58. Rg8+ Kf3 59. Kg1 f4 60. Rf1+ Ke3 61. Re1+ Re2 (61... Kd3 $142 62. Rd1+ Rd2) 62. Rxe2+ Kxe2 {KR-KB. Black mates.} 63. Rg4 Ke3 64. Rg8 d4 {[%cal Bd5d4,Bd4d3,Bd3d2][%mdl 32]} 65. Kf1 d3 66. Rd8 d2 67. Kg1 f3 68. Kf1 Bd3+ {Accuracy: White = 28%, Black = 62%.} 0-1

[Event "European Blitz-ch 2018"]
[Site "Skopje"]
[Date "2018.12.06"]
[Round "3"]
[White "Degtiarev, Evgeny"]
[Black "Ragger, Markus"]
[Result "0-1"]
[WhiteElo "2392"]
[BlackElo "2687"]
[Annotator "TA"]
[PlyCount "64"]
[EventDate "2018.12.06"]
[EventType "swiss"]
[EventCountry "MKD"]
[SourceTitle "playchess.com"]
[Source "ChessBase"]
[SourceQuality "1"]

{[%evp 27,64,0,14,-22,-13,-12,-12,-11,-11,0,14,8,169,0,0,0,0,-8,5,-8,0,-10,-10,-8,-4,-71,-72,-68,-8,-11,13,-168,-129,-1364,-1354,-1292,-1299,-29991,-29992]} 1. d4 Nf6 2. c4 g6 3. Nc3 d5 4. cxd5 Nxd5 5. e4 Nxc3 6. bxc3 Bg7 7. Bc4 c5 8. Ne2 Nc6 9. Be3 O-O 10. O-O b6 11. Qd2 {D87: Exchange Grünfeld: Classical Line: Variations without ...cxd4} (11. dxc5 Qc7 12. Nd4 Ne5 13. Nb5 Qb8 14. Be2 bxc5 15. Rb1 a6 16. Na3 Qc7 17. f4 Rd8 18. Qc2 Ng4 19. Bxg4 Bxg4 {1-0 (38) Karjakin,S (2782)-Vachier Lagrave,M (2789) Stavanger 2018}) 11... Bb7 12. Rac1 Rc8 13. Rfd1 cxd4 14. cxd4 e6 {LiveBook: 3 Games} 15. d5 $146 ({Predecessor:} 15. Bh6 Qh4 16. Bxg7 Kxg7 17. d5 Ne5 18. Qd4 Qf6 {0-1 (33) Enchev,I (2435)-Grigorov,G (2497) Albena 2011}) 15... Na5 $1 {[%cal Ra5c4]} 16. Bb5 ({Of course not} 16. dxe6 Qxd2 17. exf7+ Kh8 $17) 16... exd5 17. exd5 Rxc1 18. Nxc1 {And now d6 would win.} a6 19. Bf1 {aiming for Qb4.} b5 $2 {[#]} (19... Qd6 $1 $11 {and Black stays safe.}) 20. Nb3 $2 ({White should play} 20. d6 $1 $18) 20... Nc4 $11 21. Bxc4 $1 bxc4 22. Nc5 Ba8 23. Nxa6 c3 24. Qc2 Qa5 ({But not} 24... Bxd5 $2 25. Nb4 $18) 25. Nc5 Rd8 26. d6 {[#]} (26. Qb3 $1 $11 {remains equal.}) 26... Bf8 $1 $17 27. Ne4 Qf5 (27... Bxe4 $15 28. Qxe4 Bxd6) 28. f3 $11 Bxd6 {Strongly threatening ...Bxe4.} 29. Kh1 $2 (29. Qb3 $1 $11 {and White has nothing to worry.} Bxe4 30. Rxd6 {[%mdl 64] Remove Defender, Decoy} Rxd6 31. Qb8+ {[%mdl 64] Double Attack} Kg7 32. Qxd6) 29... Qe5 $40 {[%csl Gd6][%cal Re5h2][%mdl 128] Black has strong attack.} 30. f4 $2 {[%mdl 8192]} ({Don't go for} 30. Nxd6 $2 Qxe3 31. Nc4 Rxd1+ 32. Qxd1 Qf4 $19) (30. g3 $17) 30... Qxe4 $19 31. Qxe4 Bxe4 32. Bc5 c2 {Accuracy: White = 17%, Black = 42%.} 0-1

[Event "European Blitz-ch 2018"]
[Site "Skopje"]
[Date "2018.12.06"]
[Round "3"]
[White "Kashtanov, Ruslan"]
[Black "Milanovic, Danilo"]
[Result "0-1"]
[WhiteElo "2376"]
[BlackElo "2494"]
[Annotator "TA"]
[PlyCount "59"]
[EventDate "2018.12.06"]
[EventType "swiss"]
[EventCountry "MKD"]
[SourceTitle "playchess.com"]
[Source "ChessBase"]
[SourceQuality "1"]

{[%evp 29,59,33,48,-13,-12,-63,-41,-38,-31,-93,-97,-89,-90,-77,-87,-137,-140,-153,-155,-158,-165,-169,-117,-159,-158,-209,-220,-277,-281,-256,-175,-379]} 1. d4 Nf6 2. c4 c5 3. d5 b5 4. cxb5 a6 5. bxa6 g6 6. Nc3 Bxa6 7. e4 Bxf1 8. Kxf1 d6 9. Nf3 Nbd7 10. g3 Bg7 11. Kg2 O-O {[%cal Bh8f8,Bf8b8,Bb8b4][%mdl 32]} 12. a4 {A59: Benko/Volga Gambit: White castles by hand} Ra6 13. Qc2 (13. Re1 Qa8 14. Nb5 Rc8 15. Ra3 Ne8 16. Qc2 Nc7 17. Nxc7 Rxc7 18. b4 cxb4 19. Qxc7 bxa3 20. Bxa3 Rxa4 21. Qxd7 {0-1 (37) Vallejo Pons,F (2711)-Tregubov,P (2585) Tallinn 2016}) 13... Qa8 14. Re1 Rb8 15. Ra3 Rb4 {LiveBook: 3 Games} 16. Nb5 $146 (16. Bg5 $14) 16... Raxa4 $11 17. Nc7 ({White should play} 17. b3 $11 Rxa3 18. Nxa3) 17... Qa7 {[#] Threatens to win with ...Rxa3.} (17... Qa5 $5 {[%cal Ra4a3]} 18. Rxa4 Qxa4 19. Qxa4 Rxa4 $15) 18. Nb5 Qa6 19. Nc3 (19. b3 $15 Rxa3 20. Nxa3) 19... Rxa3 $17 20. bxa3 Rb8 21. a4 Ng4 22. Nb5 Ra8 23. h3 Nge5 24. Nxe5 Bxe5 25. Nc3 Nb6 (25... Bxc3 $19 26. Qxc3 Qxa4) 26. Bd2 Qc4 27. Rb1 (27. Rc1 $17) 27... Nxa4 $19 28. Ra1 {[%cal Ra1a4]} Bxc3 29. Bxc3 Ra6 30. Qd2 $2 {Accuracy: White =  9%, Black = 74%.} (30. Ra3 {was called for.}) 0-1

[Event "European Blitz-ch 2018"]
[Site "Skopje"]
[Date "2018.12.06"]
[Round "3"]
[White "Petkidis, Anthony"]
[Black "Artemiev, Vladislav"]
[Result "0-1"]
[WhiteElo "2375"]
[BlackElo "2709"]
[Annotator "TA"]
[PlyCount "64"]
[EventDate "2018.12.06"]
[EventType "swiss"]
[EventCountry "MKD"]

{[%evp 20,64,25,18,25,19,25,30,45,16,22,13,18,12,18,-62,-25,-12,0,0,0,0,0,-13,0,0,13,-10,0,0,3,-19,-19,-19,-19,-21,-13,-428,0,-92,-91,-1116,-1130,-1117,-1102,-6323,-6323]} 1. e4 c6 2. d4 d5 3. e5 Bf5 4. Nd2 e6 5. Nb3 Nd7 6. Nf3 Ne7 {[%cal Bg8e7,Be7c8,Bc8a7,Ba7b5][%mdl 32] B12: Caro-Kann: Advance Variation} 7. Be2 Nc8 (7... Ng6 8. O-O f6 9. c4 dxc4 10. Bxc4 fxe5 11. Ng5 Qf6 12. g4 Nf4 13. Bxf4 exf4 14. Nxe6 Bxe6 15. Bxe6 {½-½ (46) Grischuk,A (2766)-Mamedyarov,S (2808) Paris 2018}) 8. O-O Be7 9. a4 O-O 10. a5 a6 11. c4 {LiveBook: 29 Games} dxc4 12. Bxc4 Na7 13. Qe2 Nb5 14. Rd1 {[#]} Nc7 $146 15. Nfd2 b5 16. axb6 $1 Nxb6 17. Bxa6 (17. Na5 $11) 17... Nxa6 18. Rxa6 Qc7 19. Nc5 Rxa6 20. Nxa6 Qa7 21. Nc5 Nd5 22. Nde4 Rb8 23. Bg5 Bxc5 24. Nxc5 Qa2 25. Qf3 Qxb2 {White must now prevent ...Nc3.} 26. h3 h6 27. Be3 Ra8 28. Qg3 $2 {[%mdl 8192] [#]} (28. Ne4 $11 {and White is okay.}) 28... Ra3 $2 ({Better is} 28... Nc3 $19 29. Rd2 Qb1+ 30. Kh2 Ra1) 29. Kh2 (29. Bc1 $11 {keeps the balance.} Qc2 30. Qxa3 Qxd1+ {[%mdl 64] Double Attack} 31. Kh2) 29... Qe2 $36 {[%mdl 2048] Black is in control.} 30. Rc1 $2 {[%mdl 8192]} (30. Qf3 $17 Qxf3 31. gxf3) 30... Nxe3 $19 {Black is clearly winning.} 31. fxe3 Rxe3 32. Qh4 Rxh3+ {Accuracy: White = 19%, Black = 38%.} 0-1

[Event "European Blitz-ch 2018"]
[Site "Skopje"]
[Date "2018.12.06"]
[Round "3"]
[White "Timerkhanov, Alexander"]
[Black "Lagarde, Maxime"]
[Result "0-1"]
[WhiteElo "2366"]
[BlackElo "2616"]
[Annotator "TA"]
[PlyCount "59"]
[EventDate "2018.12.06"]
[EventType "swiss"]
[EventCountry "MKD"]
[SourceTitle "playchess.com"]
[Source "ChessBase"]
[SourceQuality "1"]

{[%evp 20,59,63,54,97,48,154,75,62,-23,-20,-26,-26,-46,-37,-42,0,0,0,-5,59,-39,-33,-51,-42,-53,-50,-94,-70,-70,-68,-533,-536,-537,-544,-827,-814,-801,-781,-839,-827,-827]} 1. d4 Nf6 2. Bg5 Ne4 3. Bf4 c5 4. f3 Qa5+ 5. c3 Nf6 6. d5 g6 {A45: Trompowsky Attack} (6... Qb6 7. Bc1 e6 8. e4 exd5 9. exd5 Be7 10. c4 d6 11. Bd3 Nbd7 12. f4 O-O 13. Nc3 Re8 14. Nge2 Nf8 15. Qc2 Bg4 16. O-O Bxe2 17. Bxe2 {0-1 (55) Mchedlishvili,M (2600)-Melkumyan,H (2664) Batumi 2018}) 7. e4 Bg7 8. Na3 d6 9. Nc4 Qd8 10. a4 O-O 11. Qd2 {LiveBook: 21 Games} Na6 12. Bh6 e5 $146 (12... Nc7 $14) ({Predecessor:} 12... Nc7 13. h4 Bxh6 14. Qxh6 e6 15. dxe6 Bxe6 {1-0 (30) Reinaldo Castineira,R (2486)-Almagro Mazariegos,S (2339) Linares 2014}) 13. Bd3 (13. h4 $142) 13... Nxe4 $16 {[%mdl 64] [#] Decoy} 14. Bxe4 (14. fxe4 $14 Qh4+ 15. Qf2 Qxf2+ 16. Kxf2 Bxh6 17. Nxd6) 14... Qh4+ $11 {[%mdl 64] Double Attack} 15. g3 Qxh6 16. Qxh6 Bxh6 17. Nxd6 c4 (17... Rd8 $5 {[%cal Rd8d6]} 18. Nxc8 Raxc8 $15) 18. Nxc4 Nc5 19. Bc2 b6 ({Black should play} 19... Rd8 $11) 20. b4 ({Not} 20. Nxe5 $2 Re8 $19) (20. Kf2 $14) 20... Ba6 $15 {[%mdl 1024] Black has compensation.} 21. b5 Bb7 22. Rd1 Rad8 23. d6 e4 $36 {[%mdl 2048] Black has some pressure.} 24. Kf2 Rfe8 25. fxe4 $2 {[%mdl 8192]} ({Better is} 25. Nh3 $15) 25... Nxe4+ $19 {Black is clearly winning.} 26. Bxe4 Rxe4 27. Nd2 Be3+ 28. Kf1 Bxd2 29. Rxd2 Rxa4 {[%mdl 64] [#] Discovered Attack} 30. Ke1 {Accuracy: White =  8%, Black = 43%.} 0-1

[Event "European Blitz-ch 2018"]
[Site "Skopje"]
[Date "2018.12.06"]
[Round "3"]
[White "Novoselski, Zoran"]
[Black "Guseinov, Gadir"]
[Result "0-1"]
[WhiteElo "2339"]
[BlackElo "2664"]
[Annotator "TA"]
[PlyCount "60"]
[EventDate "2018.12.06"]
[EventType "swiss"]
[EventCountry "MKD"]
[SourceTitle "playchess.com"]
[Source "ChessBase"]
[SourceQuality "1"]

{[%evp 9,60,2,-6,-17,18,22,23,9,15,14,20,32,47,19,28,29,41,40,47,44,49,50,39,6,76,68,72,34,91,0,0,0,0,0,0,0,4,0,0,0,0,0,7,6,5,-29,-16,-65,-36,-24,-33,-1058,-1060]} 1. e4 c5 2. Nf3 g6 3. d4 cxd4 4. Qxd4 Nf6 5. Bb5 a6 {LiveBook: 59 Games} 6. Qa4 {B27: Sicilian: 2 Nf3, unusual Black 2nd moves} (6. Be2 {keeps more tension.} Nc6 7. Qa4 Bg7 8. O-O d6 9. c3) (6. Ba4 b5 7. Bb3 Nc6 8. Qd3 Bg7 9. Nc3 O-O 10. Nd5 d6 11. Nxf6+ Bxf6 12. c3 Na5 13. Bh6 Nxb3 14. axb3 {½-½ (45) Bartel,M (2622)-Guseinov,G (2634) Berlin 2015}) 6... Bg7 (6... Nxe4 $5 7. Be2 (7. Qxe4 axb5 8. Qe5 f6 $11) 7... Nf6 $11) 7. Nc3 O-O 8. e5 {White has an edge.} Ne8 9. O-O Nc6 10. Bxc6 $1 bxc6 $146 ({Predecessor:} 10... dxc6 11. Qh4 f6 12. Re1 Nc7 13. Bh6 g5 {0-1 (34) Novoselski,Z (2339)-Saric,A (2533) Skopje 2018}) 11. Qh4 f6 12. Bh6 $36 {[%mdl 2048] White has some pressure.} Rb8 13. b3 d5 {next ...g5 is good for Black.} 14. exd6 Nxd6 {Black wants to play ...g5.} 15. Bxg7 Kxg7 16. Rfe1 Nf5 (16... e5 $11 {remains equal.}) 17. Qc4 $16 e5 18. Ne4 ({Inferior is} 18. Qxc6 Bb7 $17) (18. Rad1 {looks sharper.} Qc7 19. Ne4 Ne7 20. Nd6 a5 21. h3) 18... Qd5 {[#]} ({Better is} 18... Nd6 $14 19. Qxc6 Rb6) 19. Qc5 ({White should try} 19. Qc3 $1 $16) 19... Qxc5 $11 20. Nxc5 Rb5 21. Na4 g5 22. c4 Rb7 23. h3 h5 24. Nc5 {Threatens to win with g4.} Re7 25. Rad1 g4 26. hxg4 hxg4 27. Nd2 Kg6 28. Nde4 Rh8 29. Ng3 Reh7 30. Re4 $2 {[%mdl 8192] [#]} (30. b4 $15) 30... Nxg3 {Precision: White = 40%, Black = 47%.} 0-1

[Event "European Blitz-ch 2018"]
[Site "Skopje"]
[Date "2018.12.06"]
[Round "3"]
[White "Dimitrov, Pavel"]
[Black "Erdos, Viktor"]
[Result "0-1"]
[WhiteElo "2331"]
[BlackElo "2605"]
[Annotator "TA"]
[PlyCount "50"]
[EventDate "2018.12.06"]
[EventType "swiss"]
[EventCountry "MKD"]
[SourceTitle "playchess.com"]
[Source "ChessBase"]
[SourceQuality "1"]

{[%evp 9,50,-87,-77,-77,-81,-94,-91,-91,-94,-144,-80,-85,-80,-143,-101,-114,-102,-104,-70,-145,-145,-161,-162,-237,-237,-231,-231,-240,-247,-288,-288,-312,-312,-315,-309,-344,-335,-413,-333,-585,-500,-685,-530]} 1. e4 e5 2. d4 exd4 3. c3 d5 4. e5 (4. exd5 Qxd5 5. cxd4 Nc6 6. Nf3 Bg4 7. Be2 Bb4+ 8. Nc3 Bxf3 9. Bxf3 Qc4 10. Qb3 Qxb3 11. Bxc6+ bxc6 12. axb3 Ne7 13. Ra6 c5 14. dxc5 Bxc5 15. Bf4 O-O-O 16. O-O Kb7 17. Ra4 Nd5 18. Ra5 Nxc3 19. bxc3 {0-1 (32) Rombaldoni,A (2527)-Georgiev,K (2648) Padova 2013}) 4... dxc3 5. Nxc3 Bb4 6. Nf3 $146 {C21: Danish Gambit} ({Predecessor:} 6. Qa4+ Nc6 7. Bb5 Bxc3+ 8. bxc3 Nge7 9. Nf3 O-O 10. O-O Bd7 11. Ba3 Re8 {½-½ (34) Stocker,N (2200)-Nisula,T (2322) ICCF email 2007}) 6... Ne7 7. a3 Bxc3+ 8. bxc3 {Black is better.} Nbc6 9. Bd3 Bf5 (9... Bg4 $142 10. Qe2 Ng6) 10. O-O Qd7 11. Qc2 (11. Bxf5 $142 Qxf5 12. Nd4 Nxd4 13. cxd4) 11... O-O 12. Re1 Bxd3 13. Qxd3 Qf5 14. Qe3 {[#]} ({White should try} 14. Qb5 $15) 14... Ng6 $1 $17 15. h3 Rfe8 {[%cal Rc6e5]} 16. Qg5 (16. Nd4 $142 Qxe5 17. Nxc6 bxc6 18. Rb1) 16... Qxg5 $19 17. Bxg5 Ngxe5 18. Nxe5 Nxe5 ({Much less strong is} 18... Rxe5 19. Bf4 $17) 19. Red1 c6 20. Rab1 b5 21. Be3 Nc4 22. Bc5 a5 23. Rd3 f6 24. Rg3 $2 {[#]} (24. Kf1) 24... Kf7 25. h4 h5 {Accuracy: White = 22%, Black = 55%.} 0-1